| 000 | 00880cam a22002897a 4500 | ||
|---|---|---|---|
| 003 | CHAP | ||
| 005 | 20220329132920.0 | ||
| 008 | 971013s1989 r 00010 d | ||
| 010 | _a216 | ||
| 011 | _a1188 | ||
| 035 | _a364 | ||
| 040 | _cCHAP | ||
| 082 |
_a080 _bC5 v.76 |
||
| 100 | 0 | 0 |
_aHarreman C., Rogelio. _952826 |
| 245 | 0 | _aDe los anteojos a la cirugía refractiva | |
| 260 |
_aMéxico : _bFondo de Cultura Económica, _c1989 |
||
| 300 |
_a105 p. _b: ilus. |
||
| 490 | 3 |
_aLa ciencia desde México _v; 76 |
|
| 590 |
_aBATCH-UPD _b10 _c20130110 _lUCH01 _h2216 |
||
| 590 |
_aCONVERSION _b10 _c20130109 _lUCH01 _h1302 |
||
| 650 | 1 | 4 |
_aOptica. _983381 |
| 830 | 3 |
_aLa ciencia desde México _v; 76 _964199 |
|
| 901 | _aBK | ||
| 942 | _cLIBRO | ||
| 949 |
_a080 C5 v.76 _bBC _cC _d33724000484929 _eC _h76671 _i364 _si |
||
| 949 |
_a080 C5 v.76 _bBC _cC _d33724000484937 _eC _fc.2 _h76672 _i364 _si |
||
| 999 |
_c216 _d216 |
||